Fundamental of Computers (Record no. 1467)

MARC details
000 -LEADER
fixed length control field 00421nam a22001697a 4500
005 - DATE AND TIME OF LATEST TRANSACTION
control field 20210831120650.0
008 - FIXED-LENGTH DATA ELEMENTS--GENERAL INFORMATION
fixed length control field 160523b xxu||||| |||| 00| 0 eng d
020 ## - INTERNATIONAL STANDARD BOOK NUMBER
ISBN 978-81-203-2581-4
041 ## - LANGUAGE CODE
Language code of text/sound track or separate title eng
082 ## - DEWEY DECIMAL CLASSIFICATION NUMBER
Item number 4386
Classification number 004
100 ## - MAIN ENTRY--AUTHOR NAME
Personal name Rajaraman, V.
245 ## - TITLE STATEMENT
Title Fundamental of Computers
260 ## - PUBLICATION, DISTRIBUTION, ETC. (IMPRINT)
Place of publication New Delhi
Name of publisher Academic Faundation
300 ## - PHYSICAL DESCRIPTION
Number of Pages 385
650 ## - SUBJECT ADDED ENTRY--TOPICAL TERM
Topical Term Information Technology
942 ## - ADDED ENTRY ELEMENTS (KOHA)
Koha item type Books
Holdings
Lost status Damaged status Collection code Home library Current library Shelving location Date acquired Source of acquisition Cost, normal purchase price Full call number Accession Number Koha item type
    CS/IT JRU Library JRU Library SHELF-48-C 23/05/2016 PURCHASE 225.00 004 4386 Books
    CS/IT JRU Library JRU Library SHELF-57-B 23/05/2016   225.00 4389 4387 Books
    CS/IT JRU Library JRU Library SHELF-48-C 23/05/2016 PURCHASE 225.00 004 4388 Books
    CS/IT JRU Library JRU Library SHELF-48-C 23/05/2016 PURCHASE 225.00 004 4389 Books
    CS/IT JRU Library JRU Library SHELF-48-C 23/05/2016 PURCHASE 225.00 004 4390 Books
    CS/IT JRU Library JRU Library SHELF-48-C 23/05/2016 PURCHASE 225.00 004 4391 Books
    CS/IT JRU Library JRU Library SHELF-48-C 23/05/2016 PURCHASE 225.00 004 4392 Books
    CS/IT JRU Library JRU Library SHELF-48-C 23/05/2016 PURCHASE 225.00 004 4393 Books
    CS/IT JRU Library JRU Library SHELF-48-C 23/05/2016 PURCHASE 225.00 004 4394 Books
    CS/IT JRU Library JRU Library SHELF-48-C 23/05/2016 PURCHASE 225.00 004 4395 Books